[Event "Deutsche Ländermeisterschaft 2025"]
[Site "Oer-Erkenschwick GER"]
[Date "2025.10.01"]
[Round "2"]
[White "Lorenz, Veronika"]
[Black "Retzlaff, Nick"]
[Result "1/2-1/2"]
[Termination "normal"]
[Board "5.6"]
[WhiteElo "1972"]
[BlackElo "1875"]
[WhiteClock "00:07:46"]
[BlackClock "00:10:10"]
[WhiteTeam "Berlin"]
[BlackTeam "Württemberg"]
[PlyCount "145"]
[WhiteFideId "16277406"]
[BlackFideId "34610367"]
[EventCountry "GER"]
[EventRounds "7"]
[EventType "team-swiss"]
[EventDate "2025.09.30"]

1. e4 {[%clk 01:30:58]} {[%emt 00:00:01]} c5 {[%clk 01:30:55]} {[%emt
00:00:06]} 2. Nf3 {[%clk 01:31:26]} {[%emt 00:00:02]} d6 {[%clk 01:31:19]}
{[%emt 00:00:06]} 3. d4 {[%clk 01:31:55]} cxd4 {[%clk 01:31:45]} {[%emt
00:00:05]} 4. Nxd4 {[%clk 01:32:23]} {[%emt 00:00:02]} Nf6 {[%clk 01:32:03]}
{[%emt 00:00:12]} 5. Bd3 {[%clk 01:32:52]} e5 {[%clk 01:22:08]} {[%emt
00:10:25]} 6. Nf3 {[%clk 01:33:12]} {[%emt 00:00:11]} h6 {[%clk 01:20:52]}
{[%emt 00:01:46]} 7. c4 {[%clk 01:33:13]} {[%emt 00:00:28]} Be6 {[%clk
01:17:17]} {[%emt 00:04:05]} 8. O-O {[%clk 01:32:36]} {[%emt 00:01:07]} Na6
{[%clk 01:13:32]} {[%emt 00:04:15]} 9. Nc3 {[%clk 01:31:04]} {[%emt 00:02:02]}
Nc5 {[%clk 01:10:40]} {[%emt 00:03:22]} 10. h3 {[%clk 01:29:11]} {[%emt
00:02:23]} Rc8 {[%clk 01:08:51]} {[%emt 00:02:20]} 11. b3 {[%clk 01:27:06]}
{[%emt 00:02:34]} Be7 {[%clk 01:06:00]} {[%emt 00:03:21]} 12. Be3 {[%clk
01:26:59]} {[%emt 00:00:38]} O-O {[%clk 01:03:22]} {[%emt 00:03:07]} 13. Rc1
{[%clk 01:26:17]} {[%emt 00:01:12]} Nh7 {[%clk 00:46:18]} {[%emt 00:17:35]} 14.
Bb1 {[%clk 01:19:05]} {[%emt 00:07:41]} Ng5 {[%clk 00:43:50]} {[%emt 00:02:58]}
15. Nd2 {[%clk 01:01:50]} {[%emt 00:17:45]} f5 {[%clk 00:39:47]} {[%emt
00:04:33]} 16. exf5 {[%clk 01:00:49]} {[%emt 00:01:31]} Bxf5 {[%clk 00:38:23]}
{[%emt 00:01:54]} 17. Bxf5 {[%clk 00:58:27]} {[%emt 00:02:53]} Rxf5 {[%clk
00:38:32]} {[%emt 00:00:20]} 18. Qc2 {[%clk 00:58:15]} {[%emt 00:00:39]} Rf7
{[%clk 00:34:11]} {[%emt 00:04:54]} 19. Nd5 {[%clk 00:53:29]} {[%emt 00:05:16]}
b6 {[%clk 00:29:20]} {[%emt 00:05:22]} 20. Bxc5 {[%clk 00:50:17]} {[%emt
00:03:42]} Rxc5 {[%clk 00:27:30]} {[%emt 00:02:20]} 21. Ne4 {[%clk 00:50:35]}
{[%emt 00:00:11]} Nxe4 {[%clk 00:27:28]} {[%emt 00:00:32]} 22. Qxe4 {[%clk
00:51:03]} {[%emt 00:00:02]} Bg5 {[%clk 00:26:13]} {[%emt 00:01:45]} 23. Rcd1
{[%clk 00:51:27]} {[%emt 00:00:07]} b5 {[%clk 00:21:43]} {[%emt 00:05:00]} 24.
cxb5 {[%clk 00:46:31]} {[%emt 00:05:26]} Rxb5 {[%clk 00:19:54]} {[%emt
00:02:18]} 25. b4 {[%clk 00:43:59]} {[%emt 00:03:02]} Qd7 {[%clk 00:17:53]}
{[%emt 00:02:32]} 26. Rd3 {[%clk 00:38:52]} {[%emt 00:05:35]} Qf5 {[%clk
00:12:47]} {[%emt 00:05:37]} 27. Qc4 {[%clk 00:38:07]} {[%emt 00:01:13]} Rbb7
{[%clk 00:12:22]} {[%emt 00:00:56]} 28. Rf3 {[%clk 00:34:41]} {[%emt 00:03:56]}
Qe6 {[%clk 00:11:25]} {[%emt 00:01:27]} 29. Rxf7 {[%clk 00:34:20]} {[%emt
00:00:52]} Rxf7 {[%clk 00:10:41]} {[%emt 00:01:15]} 30. a4 {[%clk 00:34:30]}
{[%emt 00:00:20]} Rf4 {[%clk 00:09:39]} {[%emt 00:01:32]} 31. Qb5 {[%clk
00:21:27]} {[%emt 00:13:32]} Rd4 {[%clk 00:08:43]} {[%emt 00:01:26]} 32. Qb8+
{[%clk 00:20:57]} {[%emt 00:01:00]} Kh7 {[%clk 00:08:47]} {[%emt 00:00:27]} 33.
Nc7 {[%clk 00:21:01]} {[%emt 00:00:24]} Qc4 {[%clk 00:06:57]} {[%emt 00:02:21]}
34. Qxa7 {[%clk 00:20:15]} {[%emt 00:01:16]} Kg6 {[%clk 00:04:19]} {[%emt
00:03:08]} 35. a5 {[%clk 00:15:46]} {[%emt 00:04:59]} Bf6 {[%clk 00:03:28]}
{[%emt 00:01:21]} 36. b5 {[%clk 00:08:30]} {[%emt 00:07:46]} Bd8 {[%clk
00:01:54]} {[%emt 00:02:04]} 37. b6 {[%clk 00:00:57]} {[%emt 00:08:04]} Bxc7
{[%clk 00:00:58]} {[%emt 00:01:25]} 38. bxc7 {[%clk 00:01:26]} {[%emt
00:00:01]} Rd5 {[%clk 00:00:55]} {[%emt 00:00:34]} 39. Qb6 {[%clk 00:01:25]}
{[%emt 00:00:30]} Rc5 {[%clk 00:00:54]} {[%emt 00:00:31]} 40. Qxd6+ {[%clk
00:01:50]} {[%emt 00:00:05]} Kh7 {[%clk 00:01:11]} {[%emt 00:00:13]} 41. Ra1
{[%clk 00:27:19]} {[%emt 00:04:57]} Rxa5 {[%clk 00:29:37]} {[%emt 00:02:08]}
42. Rd1 {[%clk 00:18:55]} {[%emt 00:08:44]} Rc5 {[%clk 00:28:44]} {[%emt
00:01:33]} 43. c8=Q {[%clk 00:15:47]} {[%emt 00:03:38]} Rxc8 {[%clk 00:28:42]}
{[%emt 00:00:32]} 44. Qxe5 {[%clk 00:16:12]} {[%emt 00:00:05]} Rc5 {[%clk
00:28:50]} {[%emt 00:00:23]} 45. Qe7 {[%clk 00:15:33]} {[%emt 00:01:04]} Rd5
{[%clk 00:27:41]} {[%emt 00:01:42]} 46. Ra1 {[%clk 00:14:52]} {[%emt 00:01:09]}
Qc2 {[%clk 00:25:52]} {[%emt 00:02:22]} 47. Qe1 {[%clk 00:11:18]} {[%emt
00:04:01]} Rb5 {[%clk 00:22:43]} {[%emt 00:03:41]} 48. Qd1 {[%clk 00:11:18]}
{[%emt 00:00:30]} Qxd1+ {[%clk 00:18:12]} {[%emt 00:05:01]} 49. Rxd1 {[%clk
00:11:47]} {[%emt 00:00:02]} Kg6 {[%clk 00:18:11]} {[%emt 00:00:31]} 50. g4
{[%clk 00:11:19]} {[%emt 00:00:58]} h5 {[%clk 00:16:54]} {[%emt 00:01:47]} 51.
Kg2 {[%clk 00:11:43]} {[%emt 00:00:06]} hxg4 {[%clk 00:16:58]} {[%emt
00:00:26]} 52. hxg4 {[%clk 00:12:12]} {[%emt 00:00:02]} Kf6 {[%clk 00:15:16]}
{[%emt 00:02:11]} 53. Kg3 {[%clk 00:12:00]} {[%emt 00:00:41]} Rb6 {[%clk
00:11:30]} {[%emt 00:04:17]} 54. Rd3 {[%clk 00:11:56]} {[%emt 00:00:34]} g5
{[%clk 00:11:42]} {[%emt 00:00:18]} 55. Rd5 {[%clk 00:09:18]} {[%emt 00:03:08]}
Rc6 {[%clk 00:11:27]} {[%emt 00:00:45]} 56. Kf3 {[%clk 00:09:13]} {[%emt
00:00:35]} Re6 {[%clk 00:08:46]} {[%emt 00:03:11]} 57. Rd4 {[%clk 00:09:03]}
{[%emt 00:00:38]} Rb6 {[%clk 00:08:25]} {[%emt 00:00:53]} 58. Kg3 {[%clk
00:07:41]} {[%emt 00:01:53]} Rc6 {[%clk 00:08:39]} {[%emt 00:00:15]} 59. Rd3
{[%clk 00:08:06]} {[%emt 00:00:05]} Rb6 {[%clk 00:08:53]} {[%emt 00:00:16]} 60.
f4 {[%clk 00:07:48]} {[%emt 00:00:48]} gxf4+ {[%clk 00:09:16]} {[%emt
00:00:08]} 61. Kxf4 {[%clk 00:08:13]} {[%emt 00:00:04]} Kg6 {[%clk 00:08:32]}
{[%emt 00:01:14]} 62. Rd4 {[%clk 00:07:55]} {[%emt 00:00:48]} Rc6 {[%clk
00:08:57]} {[%emt 00:00:05]} 63. Kg3 {[%clk 00:08:03]} {[%emt 00:00:21]} Rb6
{[%clk 00:09:09]} {[%emt 00:00:19]} 64. Kh4 {[%clk 00:08:29]} {[%emt 00:00:04]}
Rc6 {[%clk 00:09:29]} {[%emt 00:00:10]} 65. Rd5 {[%clk 00:08:37]} {[%emt
00:00:22]} Rb6 {[%clk 00:09:41]} {[%emt 00:00:19]} 66. Rg5+ {[%clk 00:08:37]}
{[%emt 00:00:29]} Kh6 {[%clk 00:09:54]} {[%emt 00:00:18]} 67. Rg8 {[%clk
00:08:43]} {[%emt 00:00:23]} Rb4 {[%clk 00:09:06]} {[%emt 00:01:18]} 68. Rc8
{[%clk 00:08:51]} {[%emt 00:00:22]} Rb6 {[%clk 00:09:20]} {[%emt 00:00:15]} 69.
g5+ {[%clk 00:09:14]} {[%emt 00:00:08]} Kg6 {[%clk 00:09:27]} {[%emt 00:00:23]}
70. Rg8+ {[%clk 00:09:30]} {[%emt 00:00:15]} Kh7 {[%clk 00:09:38]} {[%emt
00:00:16]} 71. Ra8 {[%clk 00:09:45]} {[%emt 00:00:17]} Kg6 {[%clk 00:10:04]}
{[%emt 00:00:04]} 72. Ra4 {[%clk 00:07:51]} {[%emt 00:02:24]} Rc6 {[%clk
00:10:10]} {[%emt 00:00:24]} 73. Rf4 {[%clk 00:07:46]} {[%emt 00:00:34]}
1/2-1/2

[Event "Deutsche Ländermeisterschaft 2025"]
[Site "Oer-Erkenschwick GER"]
[Date "2025.10.01"]
[Round "2"]
[White "Balazs, Sztella Anna"]
[Black "Fock, Madiha"]
[Result "1-0"]
[Termination "normal"]
[Board "5.7"]
[WhiteElo "1831"]
[BlackElo "1855"]
[WhiteClock "00:04:50"]
[BlackClock "00:07:13"]
[WhiteTeam "Württemberg"]
[BlackTeam "Berlin"]
[PlyCount "57"]
[WhiteFideId "799645"]
[BlackFideId "16253574"]
[EventCountry "GER"]
[EventRounds "7"]
[EventType "team-swiss"]
[EventDate "2025.09.30"]

1. e4 {[%clk 01:30:59]} c5 {[%clk 01:30:52]} {[%emt 00:00:09]} 2. Nf3 {[%clk
01:31:25]} {[%emt 00:00:04]} d6 {[%clk 01:31:15]} {[%emt 00:00:06]} 3. d4
{[%clk 01:31:51]} {[%emt 00:00:05]} cxd4 {[%clk 01:31:37]} {[%emt 00:00:07]} 4.
Nxd4 {[%clk 01:32:17]} {[%emt 00:00:04]} Nf6 {[%clk 01:31:50]} {[%emt
00:00:18]} 5. Nc3 {[%clk 01:32:39]} {[%emt 00:00:07]} a6 {[%clk 01:32:15]}
{[%emt 00:00:05]} 6. Be2 {[%clk 01:33:05]} {[%emt 00:00:05]} e6 {[%clk
01:32:10]} {[%emt 00:00:34]} 7. Bg5 {[%clk 01:31:17]} {[%emt 00:02:18]} Nbd7
{[%clk 01:28:50]} {[%emt 00:03:50]} 8. Qd2 {[%clk 01:28:23]} {[%emt 00:03:24]}
Qc7 {[%clk 01:25:17]} {[%emt 00:04:03]} 9. O-O {[%clk 01:27:10]} {[%emt
00:01:43]} Be7 {[%clk 01:22:14]} {[%emt 00:03:32]} 10. Rad1 {[%clk 01:25:46]}
{[%emt 00:01:54]} O-O {[%clk 01:18:47]} {[%emt 00:03:58]} 11. Nb3 {[%clk
01:17:54]} {[%emt 00:08:23]} b6 {[%clk 01:09:37]} {[%emt 00:09:39]} 12. Bf4
{[%clk 01:15:00]} {[%emt 00:03:25]} Ne5 {[%clk 01:02:07]} {[%emt 00:07:59]} 13.
Qe3 {[%clk 01:01:40]} {[%emt 00:13:51]} Bb7 {[%clk 00:56:56]} {[%emt 00:05:39]}
14. Rfe1 {[%clk 00:52:01]} {[%emt 00:10:10]} b5 {[%clk 00:50:54]} {[%emt
00:06:32]} 15. a3 {[%clk 00:51:14]} {[%emt 00:01:17]} Rfd8 {[%clk 00:49:00]}
{[%emt 00:02:23]} 16. Rd2 {[%clk 00:32:28]} {[%emt 00:19:17]} Nfd7 {[%clk
00:40:37]} {[%emt 00:08:53]} 17. Qg3 {[%clk 00:29:49]} {[%emt 00:03:10]} Nc5
{[%clk 00:32:12]} {[%emt 00:08:54]} 18. Nxc5 {[%clk 00:26:14]} {[%emt
00:04:05]} Qxc5 {[%clk 00:32:32]} {[%emt 00:00:09]} 19. Be3 {[%clk 00:17:14]}
{[%emt 00:09:31]} Qc7 {[%clk 00:31:17]} {[%emt 00:01:44]} 20. h4 {[%clk
00:16:30]} {[%emt 00:01:15]} Nc4 {[%clk 00:26:39]} {[%emt 00:05:07]} 21. Bxc4
{[%clk 00:16:12]} {[%emt 00:00:49]} Qxc4 {[%clk 00:26:50]} {[%emt 00:00:19]}
22. Bf4 {[%clk 00:12:44]} {[%emt 00:03:58]} e5 {[%clk 00:24:43]} {[%emt
00:02:36]} 23. Bh6 {[%clk 00:11:43]} {[%emt 00:01:32]} Bf8 {[%clk 00:23:27]}
{[%emt 00:01:46]} 24. f3 {[%clk 00:08:37]} {[%emt 00:03:36]} Qe6 {[%clk
00:21:50]} {[%emt 00:02:06]} 25. Be3 {[%clk 00:08:47]} {[%emt 00:00:21]} d5
{[%clk 00:16:28]} {[%emt 00:05:52]} 26. exd5 {[%clk 00:06:21]} {[%emt
00:02:56]} Bxd5 {[%clk 00:16:47]} {[%emt 00:00:11]} 27. Red1 {[%clk 00:06:43]}
{[%emt 00:00:08]} f5 {[%clk 00:10:26]} {[%emt 00:06:51]} 28. Bf2 {[%clk
00:06:34]} {[%emt 00:00:39]} Rac8 {[%clk 00:07:13]} {[%emt 00:03:43]} 29. Nxd5
{[%clk 00:04:50]} {[%emt 00:02:14]} 1-0

[Event "Deutsche Ländermeisterschaft 2025"]
[Site "Oer-Erkenschwick GER"]
[Date "2025.10.01"]
[Round "2"]
[White "Bayer, Klara"]
[Black "Tu, Tiffany"]
[Result "0-1"]
[Termination "normal"]
[Board "5.8"]
[WhiteElo "1749"]
[BlackElo "1707"]
[WhiteClock "00:13:14"]
[BlackClock "00:11:35"]
[WhiteTeam "Berlin"]
[BlackTeam "Württemberg"]
[PlyCount "120"]
[WhiteFideId "34658955"]
[BlackFideId "34628576"]
[EventCountry "GER"]
[EventRounds "7"]
[EventType "team-swiss"]
[EventDate "2025.09.30"]

1. c4 {[%clk 01:30:58]} {[%emt 00:00:01]} e6 {[%clk 01:30:22]} {[%emt
00:00:39]} 2. Nf3 {[%clk 01:31:18]} {[%emt 00:00:09]} d5 {[%clk 01:30:31]}
{[%emt 00:00:20]} 3. d4 {[%clk 01:31:38]} {[%emt 00:00:09]} c6 {[%clk
01:30:54]} {[%emt 00:00:09]} 4. cxd5 {[%clk 01:31:58]} {[%emt 00:00:10]} exd5
{[%clk 01:31:16]} {[%emt 00:00:08]} 5. Nc3 {[%clk 01:32:14]} {[%emt 00:00:13]}
Nf6 {[%clk 01:31:26]} {[%emt 00:00:19]} 6. Bg5 {[%clk 01:32:29]} {[%emt
00:00:15]} h6 {[%clk 01:30:24]} {[%emt 00:01:33]} 7. Bh4 {[%clk 01:32:40]}
{[%emt 00:00:19]} Bf5 {[%clk 01:25:31]} {[%emt 00:05:23]} 8. e3 {[%clk
01:30:17]} {[%emt 00:02:53]} Bd6 {[%clk 01:22:15]} {[%emt 00:03:45]} 9. Bd3
{[%clk 01:29:42]} {[%emt 00:01:05]} Bxd3 {[%clk 01:22:02]} {[%emt 00:00:44]}
10. Qxd3 {[%clk 01:29:57]} {[%emt 00:00:16]} Nbd7 {[%clk 01:20:20]} {[%emt
00:02:11]} 11. a3 {[%clk 01:28:56]} {[%emt 00:01:31]} a5 {[%clk 01:19:30]}
{[%emt 00:01:22]} 12. Rc1 {[%clk 01:28:39]} {[%emt 00:00:45]} O-O {[%clk
01:15:08]} {[%emt 00:04:53]} 13. O-O {[%clk 01:28:31]} {[%emt 00:00:39]} Re8
{[%clk 01:14:14]} {[%emt 00:01:23]} 14. Rfd1 {[%clk 01:26:25]} {[%emt
00:02:35]} Qb8 {[%clk 01:04:29]} {[%emt 00:10:08]} 15. Qf5 {[%clk 01:10:12]}
{[%emt 00:16:50]} Re6 {[%clk 00:56:44]} {[%emt 00:08:16]} 16. Bxf6 {[%clk
00:55:18]} {[%emt 00:15:24]} Nxf6 {[%clk 00:56:17]} {[%emt 00:00:57]} 17. Na4
{[%clk 00:54:28]} {[%emt 00:01:20]} Qd8 {[%clk 00:47:27]} {[%emt 00:09:20]} 18.
Nc5 {[%clk 00:51:56]} {[%emt 00:03:03]} Bxc5 {[%clk 00:46:27]} {[%emt
00:01:30]} 19. Rxc5 {[%clk 00:48:33]} {[%emt 00:03:53]} Ne4 {[%clk 00:44:46]}
{[%emt 00:02:10]} 20. Rc2 {[%clk 00:48:54]} {[%emt 00:00:09]} Qf6 {[%clk
00:41:34]} {[%emt 00:03:42]} 21. Qxf6 {[%clk 00:48:37]} {[%emt 00:00:47]} Rxf6
{[%clk 00:41:02]} {[%emt 00:01:02]} 22. Ne5 {[%clk 00:48:39]} {[%emt 00:00:28]}
Rd8 {[%clk 00:39:55]} {[%emt 00:01:35]} 23. Nd3 {[%clk 00:48:41]} {[%emt
00:00:29]} Kf8 {[%clk 00:34:26]} {[%emt 00:05:56]} 24. Rdc1 {[%clk 00:46:12]}
{[%emt 00:03:02]} Ke7 {[%clk 00:32:38]} {[%emt 00:02:14]} 25. Nc5 {[%clk
00:42:21]} {[%emt 00:04:25]} Nxc5 {[%clk 00:32:13]} {[%emt 00:00:56]} 26. Rxc5
{[%clk 00:42:38]} {[%emt 00:00:13]} Ra8 {[%clk 00:32:33]} {[%emt 00:00:09]} 27.
Kf1 {[%clk 00:42:55]} {[%emt 00:00:14]} Kd7 {[%clk 00:32:54]} {[%emt 00:00:09]}
28. Ke2 {[%clk 00:42:45]} {[%emt 00:00:39]} Ra6 {[%clk 00:31:42]} {[%emt
00:01:38]} 29. R1c2 {[%clk 00:40:31]} {[%emt 00:02:50]} Ra8 {[%clk 00:27:56]}
{[%emt 00:04:16]} 30. a4 {[%clk 00:40:00]} {[%emt 00:01:01]} g5 {[%clk
00:24:09]} {[%emt 00:04:12]} 31. h3 {[%clk 00:35:37]} {[%emt 00:04:57]} Re6
{[%clk 00:22:17]} {[%emt 00:02:22]} 32. Kf3 {[%clk 00:30:38]} {[%emt 00:05:29]}
f5 {[%clk 00:21:59]} {[%emt 00:00:47]} 33. g4 {[%clk 00:24:18]} {[%emt
00:06:51]} fxg4+ {[%clk 00:20:13]} {[%emt 00:02:15]} 34. hxg4 {[%clk 00:24:36]}
{[%emt 00:00:12]} Rf8+ {[%clk 00:20:11]} {[%emt 00:00:32]} 35. Kg3 {[%clk
00:24:38]} {[%emt 00:00:28]} b6 {[%clk 00:19:45]} {[%emt 00:00:57]} 36. R5c3
{[%clk 00:24:54]} {[%emt 00:00:13]} Ref6 {[%clk 00:19:58]} {[%emt 00:00:14]}
37. Rb3 {[%clk 00:23:30]} {[%emt 00:01:58]} Rb8 {[%clk 00:20:00]} {[%emt
00:00:25]} 38. Rc1 {[%clk 00:23:15]} {[%emt 00:00:47]} Rbf8 {[%clk 00:18:15]}
{[%emt 00:02:13]} 39. Rc2 {[%clk 00:19:52]} {[%emt 00:03:55]} Kc7 {[%clk
00:12:46]} {[%emt 00:05:59]} 40. Rb5 {[%clk 00:18:49]} {[%emt 00:01:32]} Kb7
{[%clk 00:12:28]} {[%emt 00:00:45]} 41. Rb3 {[%clk 00:17:53]} {[%emt 00:01:30]}
Rf3+ {[%clk 00:09:25]} {[%emt 00:03:33]} 42. Kg2 {[%clk 00:18:05]} {[%emt
00:00:17]} R3f6 {[%clk 00:06:23]} {[%emt 00:03:29]} 43. Rd3 {[%clk 00:17:05]}
{[%emt 00:01:33]} R8f7 {[%clk 00:01:49]} {[%emt 00:05:03]} 44. Rd1 {[%clk
00:16:28]} {[%emt 00:01:07]} Rf8 {[%clk 00:00:37]} {[%emt 00:01:43]} 45. Rh1
{[%clk 00:16:01]} {[%emt 00:00:57]} Kc7 {[%clk 00:27:11]} {[%emt 00:03:51]} 46.
Rh2 {[%clk 00:41:51]} {[%emt 00:04:45]} Kd6 {[%clk 00:23:20]} {[%emt 00:04:21]}
47. Rd2 {[%clk 00:31:26]} {[%emt 00:10:55]} Kc7 {[%clk 00:21:32]} {[%emt
00:02:17]} 48. Kf1 {[%clk 00:29:21]} {[%emt 00:02:35]} Re6 {[%clk 00:18:13]}
{[%emt 00:03:47]} 49. Rd3 {[%clk 00:24:00]} {[%emt 00:05:54]} Ref6 {[%clk
00:16:57]} {[%emt 00:01:45]} 50. Ke2 {[%clk 00:22:16]} {[%emt 00:02:14]} Kd6
{[%clk 00:13:28]} {[%emt 00:03:59]} 51. Rd1 {[%clk 00:20:47]} {[%emt 00:02:00]}
c5 {[%clk 00:11:17]} {[%emt 00:02:41]} 52. dxc5+ {[%clk 00:20:51]} {[%emt
00:00:27]} bxc5 {[%clk 00:11:45]} {[%emt 00:00:01]} 53. Rd2 {[%clk 00:18:29]}
{[%emt 00:02:53]} Ke5 {[%clk 00:11:36]} {[%emt 00:00:38]} 54. Kd3 {[%clk
00:17:36]} {[%emt 00:01:22]} Rb8 {[%clk 00:11:19]} {[%emt 00:00:47]} 55. Rc2
{[%clk 00:13:59]} {[%emt 00:04:07]} Rc6 {[%clk 00:10:35]} {[%emt 00:01:14]} 56.
Rh5 {[%clk 00:12:35]} {[%emt 00:01:54]} c4+ {[%clk 00:10:36]} {[%emt 00:00:30]}
57. Kc3 {[%clk 00:12:37]} {[%emt 00:00:28]} Ke4 {[%clk 00:10:49]} {[%emt
00:00:16]} 58. Rh3 {[%clk 00:12:50]} {[%emt 00:00:18]} d4+ {[%clk 00:10:46]}
{[%emt 00:00:34]} 59. exd4 {[%clk 00:12:56]} {[%emt 00:00:23]} Rb3+ {[%clk
00:11:09]} {[%emt 00:00:07]} 60. Kd2 {[%clk 00:13:14]} {[%emt 00:00:13]} Rxh3
{[%clk 00:11:35]} {[%emt 00:00:04]} 0-1

[Event "Deutsche Ländermeisterschaft 2025"]
[Site "Oer-Erkenschwick GER"]
[Date "2025.10.01"]
[Round "2"]
[White "Farokhi, Keyvan"]
[Black "Reyes-Mantilla, Andrés Mauricio"]
[Result "1-0"]
[Termination "normal"]
[Board "6.1"]
[WhiteTitle "FM"]
[WhiteElo "2384"]
[BlackElo "2047"]
[WhiteClock "00:23:27"]
[BlackClock "00:00:53"]
[WhiteTeam "Schleswig-Holstein"]
[BlackTeam "Hamburg 2"]
[PlyCount "77"]
[WhiteFideId "12998630"]
[BlackFideId "4467248"]
[EventCountry "GER"]
[EventRounds "7"]
[EventType "team-swiss"]
[EventDate "2025.09.30"]

1. d4 {[%clk 01:30:22]} {[%emt 00:00:37]} Nf6 {[%clk 01:30:47]} {[%emt
00:00:14]} 2. Nf3 {[%clk 01:30:46]} {[%emt 00:00:06]} d5 {[%clk 01:29:57]}
{[%emt 00:01:20]} 3. c3 {[%clk 01:30:52]} {[%emt 00:00:25]} g6 {[%clk
01:26:28]} {[%emt 00:03:59]} 4. Bf4 {[%clk 01:25:00]} {[%emt 00:06:21]} Bg7
{[%clk 01:26:36]} {[%emt 00:00:23]} 5. Nbd2 {[%clk 01:25:01]} {[%emt 00:00:28]}
Nbd7 {[%clk 01:21:42]} {[%emt 00:05:25]} 6. h3 {[%clk 01:23:13]} {[%emt
00:02:18]} O-O {[%clk 01:20:19]} {[%emt 00:01:53]} 7. e3 {[%clk 01:23:33]}
{[%emt 00:00:09]} c5 {[%clk 01:15:48]} {[%emt 00:05:01]} 8. Be2 {[%clk
01:23:21]} {[%emt 00:00:42]} b6 {[%clk 01:15:30]} {[%emt 00:00:50]} 9. O-O
{[%clk 01:20:36]} {[%emt 00:03:14]} Bb7 {[%clk 01:15:33]} {[%emt 00:00:27]} 10.
a4 {[%clk 01:18:11]} {[%emt 00:02:53]} a6 {[%clk 01:13:02]} {[%emt 00:03:02]}
11. b4 {[%clk 01:09:44]} {[%emt 00:08:57]} c4 {[%clk 00:56:11]} {[%emt
00:17:22]} 12. Ne5 {[%clk 01:09:06]} {[%emt 00:01:07]} Nxe5 {[%clk 00:53:53]}
{[%emt 00:02:49]} 13. Bxe5 {[%clk 01:09:08]} {[%emt 00:00:27]} b5 {[%clk
00:43:21]} {[%emt 00:11:03]} 14. Bf3 {[%clk 01:08:02]} {[%emt 00:01:34]} Ne4
{[%clk 00:40:53]} {[%emt 00:02:58]} 15. Bxe4 {[%clk 01:00:51]} {[%emt
00:07:42]} dxe4 {[%clk 00:40:23]} {[%emt 00:01:01]} 16. Bxg7 {[%clk 01:00:56]}
{[%emt 00:00:24]} Kxg7 {[%clk 00:40:49]} {[%emt 00:00:04]} 17. Qg4 {[%clk
00:53:53]} {[%emt 00:07:33]} f5 {[%clk 00:22:11]} {[%emt 00:19:09]} 18. Qg3
{[%clk 00:52:45]} {[%emt 00:01:37]} Qd6 {[%clk 00:21:57]} {[%emt 00:00:44]} 19.
Qxd6 {[%clk 00:43:27]} {[%emt 00:09:48]} exd6 {[%clk 00:22:13]} {[%emt
00:00:14]} 20. Ra2 {[%clk 00:43:42]} {[%emt 00:00:15]} Bc6 {[%clk 00:17:13]}
{[%emt 00:05:31]} 21. Rfa1 {[%clk 00:36:33]} {[%emt 00:07:38]} bxa4 {[%clk
00:03:13]} {[%emt 00:14:30]} 22. Nxc4 {[%clk 00:36:22]} {[%emt 00:00:41]} d5
{[%clk 00:01:01]} {[%emt 00:02:42]} 23. Nb6 {[%clk 00:36:23]} {[%emt 00:00:29]}
Bb5 {[%clk 00:00:32]} {[%emt 00:01:00]} 24. Nxa4 {[%clk 00:35:07]} {[%emt
00:01:45]} Bxa4 {[%clk 00:00:43]} {[%emt 00:00:19]} 25. Rxa4 {[%clk 00:35:35]}
{[%emt 00:00:02]} Rac8 {[%clk 00:01:09]} {[%emt 00:00:05]} 26. R1a3 {[%clk
00:33:48]} {[%emt 00:02:16]} Rf6 {[%clk 00:01:21]} {[%emt 00:00:19]} 27. Ra5
{[%clk 00:27:42]} {[%emt 00:06:35]} Rd6 {[%clk 00:01:00]} {[%emt 00:00:51]} 28.
Kf1 {[%clk 00:27:19]} {[%emt 00:00:53]} Rcc6 {[%clk 00:00:52]} {[%emt
00:00:39]} 29. Rc5 {[%clk 00:27:17]} {[%emt 00:00:31]} Kf6 {[%clk 00:00:59]}
{[%emt 00:00:23]} 30. Raa5 {[%clk 00:27:13]} {[%emt 00:00:33]} Ke6 {[%clk
00:01:23]} {[%emt 00:00:07]} 31. Ke2 {[%clk 00:26:04]} {[%emt 00:01:38]} Rb6
{[%clk 00:01:28]} {[%emt 00:00:27]} 32. Kd2 {[%clk 00:25:27]} {[%emt 00:01:06]}
h6 {[%clk 00:01:00]} {[%emt 00:00:59]} 33. Rc7 {[%clk 00:25:10]} {[%emt
00:00:46]} Kf6 {[%clk 00:00:35]} {[%emt 00:00:56]} 34. Rac5 {[%clk 00:25:18]}
{[%emt 00:00:20]} g5 {[%clk 00:00:34]} {[%emt 00:00:32]} 35. g3 {[%clk
00:24:11]} {[%emt 00:01:37]} f4 {[%clk 00:00:32]} {[%emt 00:00:34]} 36. gxf4
{[%clk 00:23:51]} {[%emt 00:00:49]} gxf4 {[%clk 00:01:01]} {[%emt 00:00:01]}
37. exf4 {[%clk 00:24:10]} {[%emt 00:00:10]} Kg6 {[%clk 00:00:42]} {[%emt
00:00:49]} 38. Ke3 {[%clk 00:23:57]} {[%emt 00:00:43]} Kh5 {[%clk 00:00:53]}
{[%emt 00:00:20]} 39. c4 {[%clk 00:23:27]} {[%emt 00:00:59]} 1-0